| 000 | 00499nam a22001457a 4500 | ||
|---|---|---|---|
| 003 | SGT | ||
| 082 | _a540, MAD | ||
| 100 | _aKIRAN S. | ||
| 245 | _aMODERN APPROACH TO PRACTICAL CHEMISTRY | ||
| 260 |
_aNEW DELHI _bMODEARN _c2014 |
||
| 300 | _a207 | ||
| 650 | _aCHEMISTRY & ALLIED SCIENCE | ||
| 653 | _aGENERAL INTRODUCTION , VOLUMETRIC ANALYSIS-APPARATUS AND TECHNIQUES, POTASSIUM PERMANGANATE TITRATIONS, IODINE TITRATIONS, CHEMICAL KINETICS, COLLOIDS, SURFACE TENSION | ||
| 942 |
_2ddc _cFPS _02 |
||
| 999 |
_c9243 _d9243 |
||